Návrh nástrojov marketingovej komunikácie v SLOVRIA SLOVAKIA, a.s.
Enregistré dans:
| Auteur principal: | |
|---|---|
| Autres auteurs: | |
| Format: | Manuscrit Livre |
| Langue: | slovaque |
| Publié: |
Trnava :
STU v Bratislave MTF UPMK,
2013
|
| Sujets: | |
| Accès en ligne: | VAIS |
| Tags: |
Pas de tags, Soyez le premier à ajouter un tag!
|
MARC
| LEADER | 00000ntm a22000003a 4500 | ||
|---|---|---|---|
| 001 | stu267926 | ||
| 005 | 20160719160737.1 | ||
| 008 | 130612s2013----xo------------------slo-d | ||
| 040 | |a STU |b slo | ||
| 041 | 0 | |a slo | |
| 044 | |a xo | ||
| 100 | 1 | |a Keher, Igor, |d 1989- |4 aut |X 59718 |7 A000059718 | |
| 242 | 0 | 0 | |a Suggestion of marketing communication tools in SLOVRIA SLOVAKIA, a.s. |y eng |
| 245 | 1 | |a Návrh nástrojov marketingovej komunikácie v SLOVRIA SLOVAKIA, a.s. | |
| 260 | |a Trnava : |b STU v Bratislave MTF UPMK, |c 2013 | ||
| 650 | 7 | |a priemyselné manažérstvo |2 stusub | |
| 650 | 7 | |a Industrial Management |2 estusub | |
| 650 | 7 | |a marketing communication |2 estusub | |
| 650 | 7 | |a marketing tools |2 estusub | |
| 650 | 7 | |a komunikačný mix |2 stusub | |
| 650 | 7 | |a marketingové nástroje |2 stusub | |
| 650 | 7 | |a marketingová komunikácia |2 stusub | |
| 700 | 1 | |a Vaňová, Jaromíra, |d 1958- |4 ths |u M4000 |U MTF Materiálovotechnologická fakulta |T MTF Ústav priemyselného inžinierstva a manažmentu |X 2877 |U M4000 |Y 84 |7 A000002877 | |
| 856 | 4 | |a info a plný text |u http://is.stuba.sk/zp/portal_zp.pl?podrobnosti=90577 |3 VAIS | |
| 996 | |c M*DP-11464 |l MMSKP |s P |a 0 |w stu267926_0001 | ||